000 00354nam a2200145Ia 4500
008 230312s9999||||xx |||||||||||||| ||und||
020 _a81-317-0919-7
082 _a621.382
_bPRO-D
100 _aProakis;John
245 0 _aDigital signal processing
260 _bPearson
_aindia
_c2004
300 _a218
650 _aEngineering
_vAvionics
942 _cBK
999 _c12491
_d12491